Jazyková politika a nacionalizmus

Analýza vzťahu jazykovej politiky a nacionalizmu. Využívanie nástroja jazykovej politiky nacionalizmom. Jazyk ako súčasť národnej identity, písaný jazyk a hovorený jazyk. Komparácia na príkladoch jazykových politík Turecka a Nórska. Dôležitosť úlohy jazykovej politiky v zahraničnej politike štátu. C...

Descrizione completa

Salvato in:
Dettagli Bibliografici
Autore principale: Ondrušová, Terézia, 1978-
Natura: Capitolo di libro
Lingua:slovacco
Soggetti:
Tags: Aggiungi Tag
Nessun Tag, puoi essere il primo ad aggiungerne!!

MARC

LEADER 00000naa$a2200000$$$4500
001 0270621
005 20240502074237.2
041 0 |a slo 
044 |a SK 
245 1 0 |a Jazyková politika a nacionalizmus  |c Terézia Ondrušová 
520 |a Analýza vzťahu jazykovej politiky a nacionalizmu. Využívanie nástroja jazykovej politiky nacionalizmom. Jazyk ako súčasť národnej identity, písaný jazyk a hovorený jazyk. Komparácia na príkladoch jazykových politík Turecka a Nórska. Dôležitosť úlohy jazykovej politiky v zahraničnej politike štátu. Charakteristika súvislosti nacionalizmu s národnou identitou. 
610 2 0 |a jazykoveda 
610 2 0 |a jazyk materinský 
610 2 0 |a jazyk štátny 
610 2 0 |a nacionalizmus 
610 2 0 |a identita 
610 2 0 |a nórčina 
610 2 0 |a politika národnostná 
610 2 0 |a Turecko 
610 2 0 |a Nórsko 
100 1 |a Ondrušová, Terézia, 1978-